Introduzione alla lettura di "Donec formetur Christus in vobis" di Don Giacomo Alberione (Record n. 37812)
[ formato base ]
| 000 -LEADER | |
|---|---|
| fixed length control field | 01242nam a22001817a 4500 |
| 003 - CONTROL NUMBER IDENTIFIER | |
| control field | IT-RoPau |
| 005 - DATE AND TIME OF LATEST TRANSACTION | |
| control field | 20220918175938.0 |
| 008 - FIXED-LENGTH DATA ELEMENTS--GENERAL INFORMATION | |
| fixed length control field | 130121b xxu||||| |||| 00| 0 eng d |
| 040 ## - CATALOGING SOURCE | |
| Transcribing agency | IT-RoPau |
| 100 ## - MAIN ENTRY--PERSONAL NAME | |
| Personal name | Gandolfo, Guido |
| Titles and words associated with a name | ssp |
| 9 (RLIN) | 189 |
| 245 ## - TITLE STATEMENT | |
| Title | Introduzione alla lettura di "Donec formetur Christus in vobis" di Don Giacomo Alberione |
| 250 ## - EDITION STATEMENT | |
| Edition statement | 1° ed. |
| 260 ## - PUBLICATION, DISTRIBUTION, ETC. (IMPRINT) | |
| Place of publication, distribution, etc. | Roma |
| Name of publisher, distributor, etc. | Società San Paolo |
| Date of publication, distribution, etc. | 1999 |
| 300 ## - PHYSICAL DESCRIPTION | |
| Extent | 103 p. |
| Dimensions | 21 cm |
| 500 ## - GENERAL NOTE | |
| General note | Uso manoscritto. |
| 520 ## - SUMMARY, ETC. | |
| Summary, etc. | INDICE<br/>1. Uso fondamentale punto di riferimento per ogni Paolino;<br/>2. Preambolo "... per riordinare la vita in linea coll'eternità";<br/>3. L'obiettivo: La piena conformazione al Maestro Divino;<br/>4. Un orientamento "d'obbligo" per ogni Paolino;<br/>5. I Tappa. L'azione ricreatrice di Dio. Teologia del Padre ("via purgativa");<br/>6. II Tappa. La "incarnazione" del Maestro in noi. Teologia del Figlio ("via illuminativa");<br/>7. A) "Gesù Cristo è VERITA': per l'intelligenza";<br/>8. B) "Gesù Cristo è VIA: per la volontà";<br/>9. C) "Gesù Cristo è VITA: per il cuore";<br/>10. III Tappa. "Tutto si compie nello Spirito Santo". Teologia dello Spirito Santo ("via unitiva"),<br/>11. Il Paolino e il suo Maestro-Signore: tutto "in ipso et cum ipso et per ipsum". |
| 942 ## - ADDED ENTRY ELEMENTS (KOHA) | |
| Source of classification or shelving scheme | Dewey Decimal Classification |
| Koha item type | LIBRO |
| Withdrawn status | Lost status | Source of classification or shelving scheme | Damaged status | Not for loan | Home library | Current library | Date acquired | Total Checkouts | Full call number | Date last seen | Price effective from | Koha item type |
|---|---|---|---|---|---|---|---|---|---|---|---|---|
| Dewey Decimal Classification | Buone Condizioni | Not For Loan | PAULUS-BIBLIOTECA | PAULUS-BIBLIOTECA | 21/01/2013 | P B2 | 21/01/2013 | 21/01/2013 | LIBRO | |||
| Dewey Decimal Classification | Buone Condizioni | Not For Loan | PAULUS-BIBLIOTECA | PAULUS-BIBLIOTECA | 23/01/2013 | P B2 | 23/01/2013 | 23/01/2013 | LIBRO |